[Event "Orlova op 13th"]
[Site "Orlova"]
[Date "2016.05.29"]
[Round "9"]
[White "Neumann, Filip"]
[Black "Olsar, Zdenek"]
[Result "1/2-1/2"]
[WhiteElo "1751"]
[BlackElo "1944"]
[PlyCount "40"]
[EventDate "2016.05.21"]
[EventType "swiss"]
[EventRounds "9"]
[EventCountry "CZE"]
[SourceTitle "EXT 2017"]
[Source "ChessBase"]
[SourceDate "2016.10.25"]
[SourceVersion "1"]
[SourceVersionDate "2016.10.25"]
[SourceQuality "1"]

1. d4 d5 2. c4 c6 3. Nc3 Nf6 4. Nf3 e6 5. Bg5 dxc4 6. e4 b5 7. e5 h6 8. Bh4 g5 9. Nxg5 hxg5 10. Bxg5 Nbd7 11. exf6 Bb7 12. Qf3 Qb6 13. Be3 c5 14. dxc5 Bxc5 15. Bxc5 Nxc5 16. Qe3 b4 17. Nb1 Rh4 18. Nd2 Bd5 19. Rc1 Nd3+ 20. Bxd3 Qxe3+ 1/2-1/2

[Event "Orlova op 13th"]
[Site "Orlova"]
[Date "2016.05.23"]
[Round "3"]
[White "Vesselovsky, Serguei"]
[Black "Olsar, Zdenek"]
[Result "1-0"]
[WhiteElo "2350"]
[BlackElo "1944"]
[PlyCount "81"]
[EventDate "2016.05.21"]
[EventType "swiss"]
[EventRounds "9"]
[EventCountry "CZE"]
[SourceTitle "CBM 172 Extra"]
[Source "ChessBase"]
[SourceDate "2016.06.21"]
[SourceVersion "1"]
[SourceVersionDate "2016.06.21"]
[SourceQuality "1"]

1. e4 c5 2. Ne2 Nc6 3. Nbc3 e6 4. g3 g6 5. d4 cxd4 6. Nxd4 a6 7. Bg2 Bg7 8. Be3 Nge7 9. 0-0 0-0 10. h3 d5 11. exd5 exd5 12. Qd2 Ne5 13. b3 N7c6 14. f4 Nxd4 15. Bxd4 Nc6 16. Bxg7 Kxg7 17. Nxd5 Be6 18. c4 Bxd5 19. Qb2+ Kg8 20. Bxd5 Qb6+ 21. Qf2 Qxf2+ 22. Kxf2 Rac8 23. a3 a5 24. Rad1 Rfe8 25. Rfe1 Rxe1 26. Kxe1 Kf8 27. Bg2 Rc7 28. c5 Ke7 29. Rd6 Nd8 30. b4 axb4 31. axb4 Ne6 32. Kd2 h5 33. h4 Nd8 34. Kd3 Ne6 35. Kc4 Nd8 36. Bh3 f6 37. Bg2 Nf7 38. Rb6 Nd8 39. Be4 Kf7 40. Rd6 Nc6 41. Bd5+ 1-0

[Event "Karvina op"]
[Site "Karvina"]
[Date "2015.06.27"]
[Round "1"]
[White "Kutalkova, Sarka"]
[Black "Olsar, Zdenek"]
[Result "0-1"]
[WhiteElo "1558"]
[BlackElo "1947"]
[PlyCount "82"]
[EventDate "2015.06.27"]
[EventType "swiss"]
[EventRounds "9"]
[EventCountry "CZE"]
[SourceTitle "CBM 167 Extra"]
[Source "ChessBase"]
[SourceDate "2015.09.14"]
[SourceVersion "1"]
[SourceVersionDate "2015.09.14"]
[SourceQuality "1"]

1. b4 Nf6 2. Bb2 e6 3. b5 c6 4. a4 d5 5. bxc6 Nxc6 6. e3 Bd6 7. Nf3 0-0 8. c4 e5 9. Be2 e4 10. Nd4 Ne5 11. Qb3 dxc4 12. Bxc4 a6 13. Nc3 Qc7 14. Be2 Bg4 15. Nd5 Nxd5 16. Qxd5 Bxe2 17. Kxe2 Qc4+ 18. Qxc4 Nxc4 19. Bc3 g6 20. d3 exd3+ 21. Kxd3 Rac8 22. Rab1 Ne5+ 23. Kd2 Rc7 24. Bb4 Rfc8 25. Bxd6 Nc4+ 26. Ke2 Nxd6 27. Rb6 Ne4 28. a5 Kf8 29. Kf3 Nd2+ 30. Ke2 Nc4 31. Rb4 Nxa5 32. Rhb1 b5 33. R4b2 Nc6 34. Ra1 Nxd4+ 35. exd4 Rc2+ 36. Rxc2 Rxc2+ 37. Ke3 Rc6 38. Ke4 Ke7 39. g4 Kd6 40. f4 b4 41. Ra4 Rb6 0-1

[Event "Orlova op-A 12th"]
[Site "Orlova"]
[Date "2015.05.30"]
[Round "8"]
[White "Kostka, Vit"]
[Black "Olsar, Zdenek"]
[Result "1-0"]
[WhiteElo "2288"]
[BlackElo "1929"]
[PlyCount "53"]
[EventDate "2015.05.24"]
[EventType "swiss"]
[EventRounds "9"]
[EventCountry "CZE"]
[SourceTitle "CBM 166 Extra"]
[Source "ChessBase"]
[SourceDate "2015.06.18"]
[SourceVersion "1"]
[SourceVersionDate "2015.06.18"]
[SourceQuality "1"]

1. e4 c5 2. Nf3 d6 3. d4 cxd4 4. Nxd4 Nf6 5. Nc3 a6 6. Bg5 e6 7. f4 Nbd7 8. Qf3 Qc7 9. 0-0-0 b5 10. Bd3 Bb7 11. Rhe1 Qb6 12. Nb3 Be7 13. Qg3 Nh5 14. Qh4 Bxg5 15. Qxg5 g6 16. e5 h6 17. Qh4 Qd8 18. Qg4 Ng7 19. Bxg6 fxg6 20. Qxg6+ Kf8 21. Rxd6 Qe8 22. Qd3 Rd8 23. Rd1 Ke7 24. g4 Nb8 25. f5 Rxd6 26. Qxd6+ Kf7 27. f6 1-0

[Event "Orlova op-A 12th"]
[Site "Orlova"]
[Date "2015.05.29"]
[Round "6"]
[White "Stefanik, Richard"]
[Black "Olsar, Zdenek"]
[Result "1/2-1/2"]
[WhiteElo "1778"]
[BlackElo "1929"]
[PlyCount "37"]
[EventDate "2015.05.24"]
[EventType "swiss"]
[EventRounds "9"]
[EventCountry "CZE"]
[SourceTitle "CBM 166 Extra"]
[Source "ChessBase"]
[SourceDate "2015.06.18"]
[SourceVersion "1"]
[SourceVersionDate "2015.06.18"]
[SourceQuality "1"]

1. e4 e5 2. Nf3 Nc6 3. Bb5 a6 4. Ba4 Nf6 5. 0-0 b5 6. Bb3 Bc5 7. c3 d6 8. d3 0-0 9. h3 Bb7 10. Nbd2 Bb6 11. Re1 Ne7 12. Nf1 Ng6 13. Ng3 Re8 14. Ng5 d5 15. exd5 Bxd5 16. c4 h6 17. cxd5 hxg5 18. Bxg5 Nf4 19. Ne4 1/2-1/2

[Event "Orlova op-A 12th"]
[Site "Orlova"]
[Date "2015.05.24"]
[Round "1"]
[White "Olsar, Zdenek"]
[Black "Szpalek, Martin"]
[Result "1-0"]
[WhiteElo "1929"]
[BlackElo "1387"]
[PlyCount "47"]
[EventDate "2015.05.24"]
[EventType "swiss"]
[EventRounds "9"]
[EventCountry "CZE"]
[SourceTitle "CBM 166 Extra"]
[Source "ChessBase"]
[SourceDate "2015.06.18"]
[SourceVersion "1"]
[SourceVersionDate "2015.06.18"]
[SourceQuality "1"]

1. e4 e5 2. Nf3 Nc6 3. Bb5 a6 4. Ba4 Nf6 5. 0-0 b5 6. Bb3 Bc5 7. c3 0-0 8. d4 exd4 9. cxd4 Bb6 10. e5 Nh5 11. g4 d5 12. gxh5 Bg4 13. Be3 f5 14. Nc3 f4 15. Bxd5+ Kh8 16. Bxc6 fxe3 17. fxe3 Rf5 18. Ne4 Rxf3 19. Rxf3 Rb8 20. Qf1 Bxf3 21. Qxf3 Qg8 22. Rf1 g6 23. h6 Qd8 24. Qf7 1-0

[Event "CZE-chT2F 1415"]
[Site "Czech Republic"]
[Date "2014.11.30"]
[Round "3.45"]
[White "Vesely, Martin"]
[Black "Olsar, Zdenek"]
[Result "1-0"]
[WhiteElo "2114"]
[BlackElo "1931"]
[PlyCount "69"]
[EventDate "2014.11.02"]
[EventType "team-tourn"]
[EventRounds "11"]
[EventCountry "CZE"]
[SourceTitle "EXT 2022"]
[Source "ChessBase"]
[SourceDate "2021.10.06"]
[SourceVersion "1"]
[SourceVersionDate "2021.10.06"]
[SourceQuality "1"]
[WhiteTeam "Ostrava TJ Nova Hut"]
[BlackTeam "Orlova Slavia II"]
[WhiteTeamCountry "CZE"]
[BlackTeamCountry "CZE"]

1. d4 d5 2. Nf3 Nf6 3. c4 c6 4. Nc3 e6 5. e3 Nbd7 6. Be2 dxc4 7. Bxc4 b5 8. Bd3 Bb7 9. e4 b4 10. Ne2 c5 11. e5 Nd5 12. 0-0 cxd4 13. Nexd4 Be7 14. Qe2 a6 15. Bd2 Nc5 16. Bc4 Qb6 17. Nb3 0-0 18. Nxc5 Bxc5 19. Bd3 f5 20. exf6 Nxf6 21. Rae1 Rad8 22. Bc4 Bxf3 23. Qxf3 Nd5 24. Qe2 Kh8 25. Bg5 Rd7 26. Bh4 Nf4 27. Qc2 Rd4 28. Bg3 Qc6 29. Bxf4 Rdxf4 30. Rxe6 Rxf2 31. Rxf2 Bxf2+ 32. Qxf2 Qc8 33. Qe2 Qc5+ 34. Kh1 h6 35. Re8 1-0

[Event "Karvina op"]
[Site "Karvina"]
[Date "2014.06.29"]
[Round "2"]
[White "Olsar, Zdenek"]
[Black "Drozniak, Stanislaw"]
[Result "1-0"]
[WhiteElo "1941"]
[BlackElo "1579"]
[PlyCount "67"]
[EventDate "2014.06.28"]
[EventType "swiss"]
[EventRounds "9"]
[EventCountry "CZE"]
[SourceTitle "CBM 161 Extra"]
[Source "ChessBase"]
[SourceDate "2014.08.29"]
[SourceVersion "1"]
[SourceVersionDate "2014.08.29"]
[SourceQuality "1"]

1. e4 c6 2. Nc3 d5 3. Nf3 Bg4 4. h3 Bxf3 5. Qxf3 e6 6. d3 Nf6 7. a3 Nbd7 8. g4 Qb6 9. g5 Ne5 10. Qg3 Nfd7 11. f4 Ng6 12. h4 Bd6 13. h5 Bxf4 14. Bxf4 Nxf4 15. 0-0-0 e5 16. exd5 cxd5 17. d4 f6 18. dxe5 fxe5 19. Nxd5 Qc6 20. Qf3 Rc8 21. Qe4 Rf8 22. Nc3 a6 23. Rh2 h6 24. g6 Rc7 25. Rhd2 Qe6 26. Qb4 Qb6 27. Qe4 Qe6 28. Rd6 Qf5 29. Qa4 Nxh5 30. Kb1 Nhf6 31. Bc4 Qg4 32. Bf7+ Kd8 33. Qa5 h5 34. Be6 1-0

[Event "Karvina op"]
[Site "Karvina"]
[Date "2014.06.28"]
[Round "1"]
[White "Neumann, Filip"]
[Black "Olsar, Zdenek"]
[Result "1/2-1/2"]
[WhiteElo "1436"]
[BlackElo "1941"]
[PlyCount "97"]
[EventDate "2014.06.28"]
[EventType "swiss"]
[EventRounds "9"]
[EventCountry "CZE"]
[SourceTitle "CBM 161 Extra"]
[Source "ChessBase"]
[SourceDate "2014.08.29"]
[SourceVersion "1"]
[SourceVersionDate "2014.08.29"]
[SourceQuality "1"]

1. e4 c5 2. Nf3 e6 3. c4 Nc6 4. Nc3 a6 5. g3 d6 6. Bg2 Nf6 7. d3 Be7 8. 0-0 0-0 9. b3 Rb8 10. Bb2 b5 11. Rb1 b4 12. Ne2 e5 13. Qd2 Bd7 14. Ne1 a5 15. Nc2 a4 16. Ne3 axb3 17. axb3 Na5 18. Qc2 g6 19. Ra1 Nc6 20. Ra2 Ra8 21. Rfa1 Rxa2 22. Rxa2 Nd4 23. Qd1 Nxe2+ 24. Qxe2 Qc7 25. Qe1 Rb8 26. Qa1 Bc6 27. Ra7 Rb7 28. Rxb7 Qxb7 29. Bc1 Qa8 30. Qxa8+ Bxa8 31. Bh3 Bc6 32. Ng4 Nxg4 33. Bxg4 h5 34. Bf3 Bd7 35. h4 f6 36. Be2 Bf8 37. Kg2 Kh7 38. Bd2 Bh6 39. Bxh6 Kxh6 40. Bd1 g5 41. Be2 f5 42. f3 f4 43. Bd1 g4 44. Be2 Kg6 45. Bd1 Kf6 46. Be2 gxf3+ 47. Bxf3 Bg4 48. Kf2 Kg6 49. Kg2 1/2-1/2

[Event "Orlova op-A 11th"]
[Site "Orlova"]
[Date "2014.05.31"]
[Round "6"]
[White "Olsar, Zdenek"]
[Black "Havelka, Ondrej"]
[Result "0-1"]
[WhiteElo "1963"]
[BlackElo "1649"]
[PlyCount "110"]
[EventDate "2014.05.26"]
[EventType "swiss"]
[EventRounds "9"]
[EventCountry "CZE"]
[SourceTitle "CBM 160 Extra"]
[Source "ChessBase"]
[SourceDate "2014.07.01"]
[SourceVersion "1"]
[SourceVersionDate "2014.07.01"]
[SourceQuality "1"]

1. e4 e6 2. d4 d5 3. Nc3 dxe4 4. Nxe4 Bd7 5. Nf3 Bc6 6. Bd3 Nd7 7. Bg5 Ngf6 8. Qe2 Be7 9. Nxf6+ Nxf6 10. 0-0-0 Bxf3 11. Qxf3 c6 12. Bc4 0-0 13. Bb3 a5 14. a3 a4 15. Ba2 Nd5 16. Bxe7 Qxe7 17. Bxd5 cxd5 18. Rhe1 Qg5+ 19. Kb1 Rfc8 20. Re3 Rc4 21. Rc3 Rxc3 22. Qxc3 Qxg2 23. Qc7 Qxf2 24. Qxb7 Rf8 25. Qb5 Qxh2 26. Qxa4 h5 27. b4 h4 28. b5 h3 29. Qb4 Rc8 30. Qd2 Qg3 31. Kb2 Ra8 32. Qd3 Qb8 33. Rh1 h2 34. Qb3 Qf4 35. Qd3 Qf2 36. Kb3 f5 37. c3 Kf7 38. Qh3 Qe2 39. Rxh2 Qxb5+ 40. Kc2 Qe8 41. Qh5+ Kf6 42. Qh4+ g5 43. Qh7 g4 44. Rh6+ Kg5 45. Qg7+ Kf4 46. Qe5+ Kg5 47. Rxe6 Qf7 48. Qe3+ f4 49. Re5+ Kh6 50. Qe1 g3 51. Qh1+ Kg7 52. Qh4 Qg6+ 53. Kd2 g2 54. Qe7+ Kh8 55. Qh4+ Kg8 0-1

[Event "CZE-chT2F 1314"]
[Site "Czech Republic"]
[Date "2014.02.02"]
[Round "7.35"]
[White "Navratil, Jiri2222"]
[Black "Olsar, Zdenek"]
[Result "1-0"]
[WhiteElo "2041"]
[BlackElo "1985"]
[PlyCount "39"]
[EventDate "2013.11.03"]
[EventType "team-tourn"]
[EventRounds "11"]
[EventCountry "CZE"]
[SourceTitle "EXT 2016"]
[Source "ChessBase"]
[SourceDate "2015.10.08"]
[SourceVersion "1"]
[SourceVersionDate "2015.10.08"]
[SourceQuality "1"]
[WhiteTeam "Prerov II"]
[BlackTeam "Orlova Slavia II"]
[WhiteTeamCountry "CZE"]
[BlackTeamCountry "CZE"]

1. e4 c5 2. Nf3 d6 3. d4 cxd4 4. Nxd4 Nf6 5. Nc3 a6 6. Be3 e6 7. Be2 Be7 8. f4 Nc6 9. 0-0 0-0 10. Kh1 Qc7 11. a4 Re8 12. Bd3 Nxd4 13. Bxd4 e5 14. Be3 exf4 15. Rxf4 Be6 16. Nd5 Bxd5 17. exd5 Bf8 18. Bd4 Nd7 19. Bxh7+ Kh8 20. Qh5 1-0

[Event "Karvina op"]
[Site "Karvina"]
[Date "2013.07.07"]
[Round "9"]
[White "Olsar, Zdenek"]
[Black "Lys, Josef"]
[Result "0-1"]
[WhiteElo "1956"]
[BlackElo "2182"]
[PlyCount "100"]
[EventDate "2013.06.29"]
[EventType "swiss"]
[EventRounds "9"]
[EventCountry "CZE"]
[SourceTitle "CBM 155 Extra"]
[Source "ChessBase"]
[SourceDate "2013.08.26"]
[SourceVersion "1"]
[SourceVersionDate "2013.08.26"]
[SourceQuality "1"]

1. e4 c5 2. Nf3 Nc6 3. d4 cxd4 4. Nxd4 Nf6 5. Nc3 d6 6. Bc4 g6 7. Nxc6 bxc6 8. e5 Ng4 9. exd6 Qxd6 10. Qe2 Bg7 11. Ne4 Qc7 12. h3 Ne5 13. Bb3 a5 14. a4 Ba6 15. Qe3 0-0 16. Nc5 Bc4 17. f4 Bxb3 18. cxb3 Nd7 19. 0-0 Nf6 20. Qf2 Nd5 21. f5 Qa7 22. Kh1 gxf5 23. Bg5 e6 24. Rac1 Rab8 25. Qg3 Kh8 26. Rc4 Rb4 27. Rfc1 Rg8 28. Qd6 Bxb2 29. Rxb4 axb4 30. Rc2 Ba1 31. h4 Qb8 32. Qxb8 Rxb8 33. Na6 Rb6 34. Nc5 Bc3 35. Nd7 Rb7 36. Nc5 Ra7 37. Re2 e5 38. Nd3 f6 39. Bh6 Kg8 40. g4 fxg4 41. Re4 f5 42. Rc4 Rc7 43. a5 c5 44. a6 g3 45. Nxc5 Kf7 46. h5 Ra7 47. Nb7 Rxa6 48. Rc6 Rxc6 49. Nd8+ Ke8 50. Nxc6 Kd7 0-1

[Event "Orlova op 10th"]
[Site "Orlova"]
[Date "2013.05.19"]
[Round "7"]
[White "Trombik, Karel"]
[Black "Olsar, Zdenek"]
[Result "0-1"]
[WhiteElo "2086"]
[BlackElo "1960"]
[PlyCount "72"]
[EventDate "2013.05.13"]
[EventType "swiss"]
[EventRounds "9"]
[EventCountry "CZE"]
[SourceTitle "CBM 154 Extra"]
[Source "ChessBase"]
[SourceDate "2013.06.25"]
[SourceVersion "2"]
[SourceVersionDate "2013.06.25"]
[SourceQuality "1"]

1. d4 Nf6 2. Bg5 Ne4 3. Bf4 d5 4. f3 Nf6 5. e3 Nh5 6. Bg5 h6 7. Bh4 g5 8. Bf2 Bg7 9. Bd3 c5 10. c3 Qb6 11. b3 cxd4 12. cxd4 Nc6 13. Nd2 0-0 14. Ne2 e5 15. dxe5 Nxe5 16. Bc2 Qa6 17. Nd4 Nd3+ 18. Bxd3 Qxd3 19. Nb1 Nf4 20. Qxd3 Nxd3+ 21. Ke2 Bxd4 22. exd4 Nf4+ 23. Kf1 Bf5 24. Be3 Rac8 25. Na3 b5 26. g3 Ne6 27. g4 Bd3+ 28. Kf2 b4 29. Rhd1 Ba6 30. Nb1 Rc2+ 31. Nd2 Rfc8 32. a3 bxa3 33. Rxa3 R8c6 34. Rda1 Nc7 35. h4 gxh4 36. Rh1 Re6 0-1